10 Oldest Living Basketball Hall of Famers - Statistics

General Stats
  • This quiz has been taken 54 times
  • The average score is 2 of 10
Answer Stats
Age Player % Correct
88 Bill Russell
82%
93 Bob Cousy
80%
89 Bob Pettit
48%
97 Lou Carnesecca
4%
91 Pete Carril
2%
90 Lefty Driesell
0%
85 Lindsay Gaze
0%
93 Pedro Ferrándiz
0%
93 Robert Hughes
0%
89 Sandro Gamba
0%
No matching quizzes found
Score Distribution
Percent of People with Each Score
Percentile by Number Answered
Your Score History
You have not taken this quiz